[Event "Doeberl Cup 47th"]
[Site "Canberra"]
[Date "2009.04.12"]
[Round "7"]
[White "Morris, James"]
[Black "Tindall, Brett"]
[Result "0-1"]
[WhiteElo "2114"]
[BlackElo "2207"]
[PlyCount "102"]
[EventDate "2009.04.09"]
[EventType "swiss"]
[EventRounds "9"]
[EventCountry "AUS"]
[SourceTitle "CBM 129 Extra"]
[Source "ChessBase"]
[SourceDate "2009.05.05"]
[SourceVersion "2"]
[SourceVersionDate "2009.05.20"]
[SourceQuality "1"]

1. Nf3 c5 2. c4 g6 3. g3 Nc6 4. Bg2 Bg7 5. 0-0 d6 6. Nc3 Bd7 7. Rb1 h5 8. d3 Nh6 9. Bg5 Nf5 10. e4 Nfd4 11. Nxd4 Bxd4 12. Nb5 Bg4 13. Qa4 Bg7 14. h3 a6 15. Nc3 Bd7 16. Qd1 0-0 17. Be3 e5 18. f4 exf4 19. Bxf4 Be6 20. Qd2 Qd7 21. Bh6 Kh7 22. Bxg7 Kxg7 23. Kh2 b5 24. b3 b4 25. Ne2 Rae8 26. d4 cxd4 27. Nxd4 Ne5 28. Qxb4 h4 29. g4 Qc7 30. Kh1 Rh8 31. Qc3 Bc8 32. Rf4 f6 33. Rbf1 Rhf8 34. Qd2 g5 35. R4f2 Ng6 36. Nf5+ Bxf5 37. exf5 Nf4 38. Rd1 Qc5 39. Rxf4 gxf4 40. Qxf4 Qe5 41. Qxe5 Rxe5 42. Bd5 Re2 43. Be6 Rxa2 44. Rxd6 Rb8 45. c5 Rb5 46. Rd5 Rc2 47. c6 Rxc6 48. Rxb5 axb5 49. Kg2 Rc3 50. g5 fxg5 51. Kf2 Kf6 0-1

[Event "Doeberl Cup 47th"]
[Site "Canberra"]
[Date "2009.04.12"]
[Round "8"]
[White "Tindall, Brett"]
[Black "Roy Chowdhury, Saptarshi"]
[Result "1/2-1/2"]
[WhiteElo "2207"]
[BlackElo "2469"]
[PlyCount "92"]
[EventDate "2009.04.09"]
[EventType "swiss"]
[EventRounds "9"]
[EventCountry "AUS"]
[SourceTitle "CBM 129 Extra"]
[Source "ChessBase"]
[SourceDate "2009.05.05"]
[SourceVersion "2"]
[SourceVersionDate "2009.05.20"]
[SourceQuality "1"]

1. d4 e6 2. c4 b6 3. Nc3 Bb7 4. e4 Bb4 5. Bd3 Nf6 6. Qc2 Nc6 7. Nf3 d6 8. d5 Bxc3+ 9. Qxc3 Ne7 10. 0-0 e5 11. Ne1 Ng6 12. f4 exf4 13. Bxf4 Nxf4 14. Rxf4 0-0 15. Nf3 Nd7 16. e5 dxe5 17. Nxe5 Nxe5 18. Qxe5 Qd6 19. Qf5 g6 20. Qg5 Rae8 21. Qf6 Re3 22. Qxd6 cxd6 23. Rf3 Rfe8 24. Kf2 R3e5 25. Rf1 f5 26. Rd1 Bc8 27. Rd2 Kg7 28. Re2 Rxe2+ 29. Bxe2 Kf6 30. Bd3 Re5 31. h4 h6 32. g3 g5 33. hxg5+ hxg5 34. Bf1 Re7 35. Be2 Rh7 36. Bf1 Re7 37. Be2 Bd7 38. Ra3 Be8 39. Bf1 Bh5 40. b4 Bg4 41. Rc3 f4 42. gxf4 gxf4 43. c5 bxc5 44. bxc5 dxc5 45. Rxc5 Rb7 46. Rc2 Ke5 1/2-1/2

[Event "New South Wales-ch"]
[Site "Sydney"]
[Date "2008.08.13"]
[Round "2"]
[White "Sales, Jesse Noel"]
[Black "Tindall, Brett"]
[Result "1-0"]
[WhiteElo "2299"]
[BlackElo "2258"]
[PlyCount "89"]
[EventDate "2008.08.07"]
[EventType "tourn"]
[EventRounds "9"]
[EventCountry "AUS"]
[SourceTitle "EXT 2010"]
[Source "ChessBase"]
[SourceDate "2010.11.25"]
[SourceVersion "1"]
[SourceVersionDate "2010.11.25"]
[SourceQuality "1"]

1. Nf3 c5 2. c4 Nc6 3. d4 cxd4 4. Nxd4 e6 5. g3 Nf6 6. Bg2 a6 7. 0-0 Qb6 8. Nb3 d6 9. Bf4 Qc7 10. Nc3 Ne5 11. Rc1 Bd7 12. Nd2 Ng6 13. Bg5 h6 14. Bxf6 gxf6 15. Nde4 Be7 16. Qd4 Ne5 17. Rfd1 Rc8 18. b3 0-0 19. Nxd6 Bxd6 20. Qxd6 Bc6 21. Qd4 Bxg2 22. Kxg2 Kg7 23. Ne4 Rfd8 24. Nd6 b6 25. Rd2 Qc6+ 26. f3 Rd7 27. b4 Rcd8 28. c5 bxc5 29. bxc5 Rxd6 30. cxd6 Qxc1 31. Qb4 Qc6 32. Rd4 a5 33. Qd2 Rb8 34. a3 Rb1 35. d7 Nxd7 36. Rxd7 Qc5 37. Rd4 f5 38. Kh3 Qxa3 39. Rc4 Qb2 40. Rc2 Qe5 41. Rc8 Qf6 42. Qxa5 Ra1 43. Qb5 Qe7 44. Qe5+ Qf6 45. Rg8+ 1-0

[Event "Kuala Lumpur op 4th"]
[Site "Kuala Lumpur"]
[Date "2007.08.25"]
[Round "9"]
[White "Tindall, Brett"]
[Black "Ruston, Mark"]
[Result "1-0"]
[WhiteElo "2258"]
[BlackElo "2116"]
[PlyCount "43"]
[EventDate "2007.08.20"]
[EventType "swiss"]
[EventRounds "11"]
[EventCountry "MAS"]
[SourceTitle "CBM 120 Extra"]
[Source "ChessBase"]
[SourceDate "2007.11.01"]
[SourceVersion "1"]
[SourceVersionDate "2007.11.01"]
[SourceQuality "1"]

1. e4 e6 2. d4 d5 3. Nc3 dxe4 4. Nxe4 Nd7 5. Nf3 Ngf6 6. Nxf6+ Nxf6 7. Bg5 Be7 8. Be2 0-0 9. 0-0 Nd5 10. Bd2 Bd6 11. Re1 c5 12. Bd3 Nf4 13. Bxf4 Bxf4 14. dxc5 Qc7 15. b4 b6 16. g3 Bh6 17. Be4 Rb8 18. Qd6 Qxd6 19. cxd6 Rd8 20. Rad1 b5 21. Ne5 Bd7 22. Bc6 1-0

[Event "Kuala Lumpur op 4th"]
[Site "Kuala Lumpur"]
[Date "2007.08.21"]
[Round "4"]
[White "Milligan, Helen"]
[Black "Tindall, Brett"]
[Result "0-1"]
[WhiteElo "2034"]
[BlackElo "2258"]
[PlyCount "46"]
[EventDate "2007.08.20"]
[EventType "swiss"]
[EventRounds "11"]
[EventCountry "MAS"]
[SourceTitle "CBM 120 Extra"]
[Source "ChessBase"]
[SourceDate "2007.11.01"]
[SourceVersion "1"]
[SourceVersionDate "2007.11.01"]
[SourceQuality "1"]

1. e4 c5 2. Nf3 e6 3. d4 cxd4 4. Nxd4 Nf6 5. Nc3 Nc6 6. Be3 Bb4 7. Bd3 d5 8. Nxc6 bxc6 9. exd5 exd5 10. Bd2 0-0 11. 0-0 Rb8 12. Bf4 Bd6 13. Bxd6 Qxd6 14. Rb1 Ng4 15. g3 Qh6 16. h4 f5 17. Be2 Qd6 18. a3 Rf6 19. Bf3 Ne5 20. Bg2 f4 21. Re1 fxg3 22. f3 Qc5+ 23. Kh1 Rf4 0-1

[Event "Kuala Lumpur op 4th"]
[Site "Kuala Lumpur"]
[Date "2007.08.21"]
[Round "3"]
[White "Tindall, Brett"]
[Black "Dotsenko, Viacheslav"]
[Result "0-1"]
[WhiteElo "2258"]
[BlackElo "2132"]
[PlyCount "75"]
[EventDate "2007.08.20"]
[EventType "swiss"]
[EventRounds "11"]
[EventCountry "MAS"]
[SourceTitle "CBM 120 Extra"]
[Source "ChessBase"]
[SourceDate "2007.11.01"]
[SourceVersion "1"]
[SourceVersionDate "2007.11.01"]
[SourceQuality "1"]

1. e4 e5 2. Nf3 Nc6 3. d4 exd4 4. Nxd4 Bc5 5. Be3 Qf6 6. c3 Nge7 7. Be2 d5 8. 0-0 0-0 9. Nxc6 Qxc6 10. Bxc5 Qxc5 11. Nd2 dxe4 12. Nxe4 Qb6 13. Qc1 Bf5 14. Ng3 Bg6 15. Qg5 f6 16. Qb5 Qxb5 17. Bxb5 Rfd8 18. Rfe1 Kf8 19. Re2 Nd5 20. Rd2 a6 21. Bf1 Nb6 22. Rad1 Rxd2 23. Rxd2 Ke7 24. h4 Rd8 25. Re2+ Kf7 26. h5 Bb1 27. Re1 Bxa2 28. h6 gxh6 29. Nf5 Re8 30. Ra1 Be6 31. Nd4 Bd7 32. f3 Re5 33. Kf2 Na4 34. f4 Re8 35. Ra2 Nc5 36. Ra5 b6 37. Ra1 a5 38. Bc4+ 0-1

[Event "Kuala Lumpur op 4th"]
[Site "Kuala Lumpur"]
[Date "2007.08.20"]
[Round "2"]
[White "Li, Ruofan"]
[Black "Tindall, Brett"]
[Result "1-0"]
[WhiteElo "2417"]
[BlackElo "2258"]
[PlyCount "55"]
[EventDate "2007.08.20"]
[EventType "swiss"]
[EventRounds "11"]
[EventCountry "MAS"]
[SourceTitle "CBM 120 Extra"]
[Source "ChessBase"]
[SourceDate "2007.11.01"]
[SourceVersion "1"]
[SourceVersionDate "2007.11.01"]
[SourceQuality "1"]

1. Nf3 d5 2. d4 c6 3. c4 e6 4. e3 Nf6 5. Nbd2 Nbd7 6. Bd3 Bd6 7. 0-0 0-0 8. e4 dxe4 9. Nxe4 Nxe4 10. Bxe4 Nf6 11. Bc2 c5 12. Bg5 h6 13. Bh4 cxd4 14. Qxd4 Be7 15. Qc3 Qc7 16. Bg3 Qc5 17. a3 b5 18. cxb5 Qxb5 19. Nd4 Qc5 20. Nc6 Ba6 21. Rfc1 Rfc8 22. Qf3 Kf8 23. Be4 Nxe4 24. Rxc5 Nxc5 25. Nxe7 Kxe7 26. Rd1 Nd3 27. h3 Nxb2 28. Rd6 1-0

[Event "Pardubice op-A"]
[Site "Pardubice"]
[Date "2006.07.24"]
[Round "4"]
[White "Pryyomov, SI."]
[Black "Tindall, Brett"]
[Result "1/2-1/2"]
[WhiteElo "2401"]
[BlackElo "2267"]
[PlyCount "54"]
[EventDate "2006.07.21"]
[EventType "swiss"]
[EventRounds "9"]
[EventCountry "CZE"]
[SourceTitle "CBM 113 Extra"]
[Source "ChessBase"]
[SourceDate "2006.09.14"]
[SourceVersion "1"]
[SourceVersionDate "2006.09.14"]
[SourceQuality "1"]

1. e4 c5 2. Nf3 d6 3. d4 cxd4 4. Nxd4 Nf6 5. Nc3 g6 6. Be3 Bg7 7. f3 Nc6 8. Qd2 0-0 9. 0-0-0 d5 10. exd5 Nxd5 11. Nxd5 Qxd5 12. Nxc6 Qxc6 13. Bh6 Bf5 14. Bxg7 Kxg7 15. Bd3 Rfd8 16. Qe2 Bxd3 17. Rxd3 Qc7 18. g3 Rxd3 19. Qxd3 Rd8 20. Qe2 Qa5 21. a3 Qd5 22. Rd1 Qg5+ 23. f4 Rxd1+ 24. Kxd1 Qd5+ 25. Kc1 Kf8 26. c4 Qd7 27. Kc2 h5 1/2-1/2

[Event "Pardubice op-A"]
[Site "Pardubice"]
[Date "2006.07.22"]
[Round "2"]
[White "Tindall, Brett"]
[Black "Mukhlisov, Vladislav"]
[Result "1/2-1/2"]
[WhiteElo "2267"]
[BlackElo "2114"]
[PlyCount "79"]
[EventDate "2006.07.21"]
[EventType "swiss"]
[EventRounds "9"]
[EventCountry "CZE"]
[SourceTitle "CBM 113 Extra"]
[Source "ChessBase"]
[SourceDate "2006.09.14"]
[SourceVersion "1"]
[SourceVersionDate "2006.09.14"]
[SourceQuality "1"]

1. e4 c5 2. Nf3 e6 3. d4 cxd4 4. Nxd4 Nf6 5. Nc3 Nc6 6. Ndb5 Bb4 7. a3 Bxc3+ 8. Nxc3 d5 9. exd5 exd5 10. Bd3 0-0 11. 0-0 d4 12. Ne2 Bg4 13. Bg5 Qd6 14. Qd2 Rad8 15. f3 Bh5 16. Rad1 Bg6 17. Bxg6 hxg6 18. Be3 Qc7 19. Nxd4 Nd5 20. Nxc6 Qxc6 21. Bd4 a6 22. c3 b5 23. Qg5 Nf6 24. f4 Rd5 25. f5 Re8 26. Bxf6 gxf6 27. Qg3 Qc5+ 28. Qf2 Qxf2+ 29. Kxf2 Rxf5+ 30. Kg1 Rxf1+ 31. Kxf1 Re6 32. Rd4 f5 33. a4 bxa4 34. Rxa4 Kf8 35. Rd4 Ke7 36. b4 Re3 37. Rc4 Kd6 38. Kf2 Re7 39. Rc5 Re6 40. g3 1/2-1/2

[Event "Victoria Masters"]
[Site "Victoria"]
[Date "2004.04.26"]
[Round "4"]
[White "Tindall, Brett"]
[Black "Levi, Eddy"]
[Result "0-1"]
[WhiteElo "2286"]
[BlackElo "2290"]
[PlyCount "86"]
[EventDate "2004.04.23"]
[EventType "tourn"]
[EventRounds "9"]
[EventCountry "AUS"]
[EventCategory "3"]
[SourceTitle "CBM 100 Extra"]
[Source "ChessBase"]
[SourceDate "2004.07.06"]
[SourceVersion "2"]
[SourceVersionDate "2004.07.06"]
[SourceQuality "1"]

1. e4 e5 2. Nf3 Nc6 3. d4 exd4 4. Nxd4 Nf6 5. Nxc6 bxc6 6. e5 Qe7 7. Qe2 Nd5 8. c4 Nb6 9. g3 g6 10. b3 Bg7 11. Bb2 0-0 12. Bg2 Bb7 13. 0-0 Rae8 14. f4 f6 15. Ba3 d6 16. c5 fxe5 17. cxb6 exf4 18. Qxe7 Rxe7 19. bxc7 Bxa1 20. Bxd6 Bd4+ 21. Kh1 f3 22. Bxf3 Rxf3 23. Rxf3 Re8 24. Nd2 c5 25. Kg2 Bxf3+ 26. Nxf3 Kf7 27. Ng5+ Kf6 28. Nxh7+ Ke6 29. Bf4 Be5 30. Ng5+ Kd7 31. Ne4 Kxc7 32. Nxc5 Bxf4 33. gxf4 Re2+ 34. Kg3 Rxa2 35. Ne6+ Kd6 36. Nf8 Ra3 37. Nxg6 Rxb3+ 38. Kg4 a5 39. Kg5 a4 40. Ne5 Rc3 41. Nf7+ Ke7 42. Kg6 a3 43. f5 Rc6+ 0-1

[Event "Victoria Masters"]
[Site "Victoria"]
[Date "2004.04.24"]
[Round "2"]
[White "Tindall, Brett"]
[Black "Lukey, Stephen G"]
[Result "1-0"]
[WhiteElo "2286"]
[BlackElo "2281"]
[PlyCount "91"]
[EventDate "2004.04.23"]
[EventType "tourn"]
[EventRounds "9"]
[EventCountry "AUS"]
[EventCategory "3"]
[SourceTitle "CBM 100 Extra"]
[Source "ChessBase"]
[SourceDate "2004.07.06"]
[SourceVersion "2"]
[SourceVersionDate "2004.07.06"]
[SourceQuality "1"]

1. e4 c5 2. Nf3 Nc6 3. d4 cxd4 4. Nxd4 Nf6 5. Nc3 e5 6. Ndb5 d6 7. Bg5 a6 8. Na3 b5 9. Nd5 Be7 10. Bxf6 Bxf6 11. c3 Be6 12. Nc2 Rb8 13. a4 bxa4 14. Rxa4 Rxb2 15. Rxa6 Qb8 16. Ra8 Qxa8 17. Nc7+ Kd7 18. Nxa8 Rxa8 19. Bd3 Raa2 20. 0-0 Bb3 21. Qg4+ Be6 22. Qf3 Rxc2 23. Bxc2 Rxc2 24. Rb1 Bd8 25. Qd3 Ra2 26. h3 Bc7 27. Qb5 Ra3 28. Qb2 Ra4 29. f3 Ra2 30. Qb5 Ra5 31. Qb2 Rc5 32. Ra1 Na5 33. Qb4 Ke7 34. Kf2 h5 35. h4 g6 36. Qb2 Kf8 37. Kg3 Kg7 38. Qb4 Kh7 39. Kh2 Nb3 40. Ra7 Nc1 41. Qa4 Ne2 42. Qe8 Kg7 43. Ra8 Kf6 44. Qh8+ Ke7 45. Qf8+ Kf6 46. Re8 1-0

[Event "Asia Cities-ch 14th"]
[Site "Tagaytay City"]
[Date "2004.03.25"]
[Round "7.1"]
[White "Situru, Nathanael"]
[Black "Tindall, Brett"]
[Result "1-0"]
[WhiteElo "2375"]
[BlackElo "2286"]
[PlyCount "61"]
[EventDate "2004.03.21"]
[EventType "team"]
[EventRounds "9"]
[EventCountry "PHI"]
[SourceTitle "CBM 099 Extra"]
[Source "ChessBase"]
[SourceDate "2004.05.04"]
[SourceVersion "1"]
[SourceVersionDate "2004.05.04"]
[SourceQuality "1"]
[WhiteTeam "Samarinda"]
[BlackTeam "Sydney"]
[WhiteTeamCountry "INA"]
[BlackTeamCountry "AUS"]

1. e4 e6 2. d4 d5 3. Nc3 dxe4 4. Nxe4 Nd7 5. Nf3 Be7 6. Bd3 Ngf6 7. 0-0 Nxe4 8. Bxe4 Nf6 9. Bd3 0-0 10. Bf4 b6 11. Qe2 Bb7 12. Rad1 Qd7 13. c4 Rad8 14. Bc2 Rfe8 15. Ne5 Qc8 16. Bg5 c5 17. Bxf6 Bxf6 18. Bxh7+ Kf8 19. Qh5 Qc7 20. Rfe1 cxd4 21. Bd3 g6 22. Qh6+ Kg8 23. f4 Bg7 24. Qh3 Bxe5 25. Rxe5 Kg7 26. Qg3 Rh8 27. Bxg6 fxg6 28. Rxe6 Rh6 29. Qg5 Rd7 30. Qf6+ Kh7 31. Rde1 1-0

[Event "Asia Cities-ch 14th"]
[Site "Tagaytay City"]
[Date "2004.03.21"]
[Round "1.1"]
[White "Tindall, Brett"]
[Black "Kotsur, Pavel"]
[Result "1/2-1/2"]
[WhiteElo "2286"]
[BlackElo "2569"]
[PlyCount "68"]
[EventDate "2004.03.21"]
[EventType "team"]
[EventRounds "9"]
[EventCountry "PHI"]
[SourceTitle "CBM 099 Extra"]
[Source "ChessBase"]
[SourceDate "2004.05.04"]
[SourceVersion "1"]
[SourceVersionDate "2004.05.04"]
[SourceQuality "1"]
[WhiteTeam "Sydney"]
[BlackTeam "Pavlodar"]
[WhiteTeamCountry "AUS"]
[BlackTeamCountry "KAZ"]

1. e4 c5 2. Nf3 d6 3. d4 cxd4 4. Nxd4 Nf6 5. Nc3 Nc6 6. Bc4 Qb6 7. Nxc6 bxc6 8. 0-0 g6 9. e5 dxe5 10. Qe2 Qd4 11. Be3 Qh4 12. f4 e4 13. Bd4 Bg7 14. g3 Qh5 15. Qxh5 gxh5 16. f5 Rg8 17. Rae1 h4 18. Nxe4 Nxe4 19. Bxg7 Nd2 20. f6 e6 21. Bd3 Nxf1 22. Rxf1 Kd7 23. Bxh7 Ba6 24. Rd1+ Kc7 25. Bxg8 Rxg8 26. gxh4 Be2 27. Rd2 Bh5 28. Rg2 Rd8 29. Bh6 Rd4 30. Bg5 a6 31. c3 Re4 32. Rd2 c5 33. Kf2 a5 34. h3 a4 1/2-1/2

[Event "Oceania zt"]
[Site "Warwick Fiji"]
[Date "2002.05.11"]
[Round "9"]
[White "Tindall, Brett"]
[Black "Smith, Robert Wayne"]
[Result "1/2-1/2"]
[WhiteElo "2273"]
[BlackElo "2282"]
[PlyCount "102"]
[EventDate "2002.05.06"]
[EventType "swiss"]
[EventRounds "9"]
[EventCountry "FIJ"]
[SourceTitle "CBM 088 Extra"]
[Source "ChessBase"]
[SourceDate "2002.07.01"]
[SourceVersion "2"]
[SourceVersionDate "2002.07.01"]
[SourceQuality "1"]

1. e4 c6 2. d4 d5 3. e5 Bf5 4. Nc3 Qb6 5. h4 h5 6. Nge2 e6 7. Ng3 Bg6 8. Be2 c5 9. dxc5 Bxc5 10. 0-0 Be7 11. Nb5 a6 12. Be3 Qd8 13. Nd4 Bxh4 14. Nxh5 Bxh5 15. Bxh5 Qd7 16. g3 Bd8 17. f4 g6 18. Bf3 Ne7 19. Kg2 Nbc6 20. Rh1 Rf8 21. Nb3 Nf5 22. Bf2 g5 23. g4 Nfe7 24. Nc5 Qc8 25. c4 Ng6 26. cxd5 Nxf4+ 27. Kg3 exd5 28. Bxd5 Nxd5 29. Qxd5 Qc7 30. Kg2 Ne7 31. Qxb7 Qxb7+ 32. Nxb7 Bc7 33. Rhe1 Ng6 34. Bc5 Rh8 35. Nd6+ Bxd6 36. Bxd6 Nf4+ 37. Kf3 Kd7 38. Rad1 Ke6 39. Ke4 Rac8 40. Rh1 Rc4+ 41. Kf3 Rxh1 42. Rxh1 Ng6 43. Rh5 Rc2 44. Rxg5 Rxb2 45. a3 Rc2 46. Ke3 Rc4 47. Kd3 Rf4 48. Kc3 Re4 49. Kd3 Rf4 50. Kc3 Re4 51. Kd3 Rf4 1/2-1/2

[Event "Doeberl Cup 40th"]
[Site "Canberra"]
[Date "2002.03.30"]
[Round "4"]
[White "Safarian, Alek"]
[Black "Tindall, Brett"]
[Result "0-1"]
[WhiteElo "2051"]
[BlackElo "2259"]
[PlyCount "119"]
[EventDate "2002.03.29"]
[EventType "swiss"]
[EventRounds "7"]
[EventCountry "AUS"]
[SourceTitle "CBM 087 Extra"]
[Source "ChessBase"]
[SourceDate "2002.05.03"]
[SourceVersion "2"]
[SourceVersionDate "2002.08.09"]
[SourceQuality "1"]

1. d4 Nf6 2. c4 c5 3. d5 b5 4. cxb5 a6 5. Nc3 axb5 6. Nxb5 Ba6 7. Nc3 d6 8. e4 Bxf1 9. Kxf1 Nbd7 10. Nge2 g6 11. f3 Bg7 12. Be3 Ne5 13. b3 0-0 14. h3 Ne8 15. f4 Nd7 16. Rc1 f5 17. Ng3 Qa5 18. Na4 fxe4 19. Nxe4 Nef6 20. Ng5 c4 21. Rxc4 Nxd5 22. Bd2 Qa6 23. Qe2 Be5 24. g3 N5b6 25. Nxb6 Nxb6 26. Rc6 Qb7 27. Qb5 Rac8 28. Qxb6 Qxc6 29. Qxc6 Rxc6 30. Ke2 Bh8 31. Rc1 Rxc1 32. Bxc1 Rc8 33. Kd2 Bc3+ 34. Kd3 Be1 35. Bd2 Bxg3 36. a4 e5 37. fxe5 dxe5 38. Ne4 Rd8+ 39. Kc3 Bf4 40. a5 Kf7 41. b4 Ke6 42. Be1 Kd5 43. Nf6+ Kc6 44. Nxh7 Kb5 45. Nf6 Rd1 46. Bf2 Bd2+ 47. Kc2 Rf1 48. Ng4 Bxb4 49. Kd3 Bd6 50. Ke4 Kxa5 51. Bg3 Kb5 52. Bxe5 Be7 53. Bg3 Rb1 54. Kf3 Rg1 55. Nf2 Kc4 56. h4 Kd5 57. Kg4 Ke6 58. h5 gxh5+ 59. Kxh5 Kf5 60. Bf4 0-1

[Event "AUS-ch"]
[Site "Melbourne"]
[Date "2002.01.04"]
[Round "7"]
[White "Tindall, Brett"]
[Black "West, Guy"]
[Result "0-1"]
[WhiteElo "2259"]
[BlackElo "2363"]
[PlyCount "62"]
[EventDate "2001.12.01"]
[EventType "swiss"]
[EventRounds "11"]
[EventCountry "AUS"]
[SourceTitle "EXT 2003"]
[Source "ChessBase"]
[SourceDate "2002.11.25"]
[SourceVersion "1"]
[SourceVersionDate "2002.11.25"]
[SourceQuality "1"]

1. e4 e6 2. d4 d5 3. Nc3 dxe4 4. Nxe4 Nd7 5. Nf3 Ngf6 6. Nxf6+ Nxf6 7. Be2 c5 8. Be3 Nd5 9. Bg5 f6 10. Bc1 Qc7 11. 0-0 Bd7 12. Re1 0-0-0 13. c3 Bd6 14. Qb3 g5 15. dxc5 Bxc5 16. Bc4 g4 17. Nd4 Rhe8 18. Bxd5 exd5 19. Rxe8 Rxe8 20. Be3 Qe5 21. Rd1 Qe4 22. Nc2 Bxe3 23. Nxe3 Ba4 24. Qxd5 Bxd1 25. Qxd1 Rd8 26. Qe2 h5 27. Qb5 h4 28. Qh5 a6 29. Qxh4 Rd1+ 30. Nf1 Qc4 31. Qh8+ Kc7 0-1

[Event "AUS-ch"]
[Site "Melbourne"]
[Date "2002.01.03"]
[Round "6"]
[White "Zhao, Zong Yuan"]
[Black "Tindall, Brett"]
[Result "1-0"]
[WhiteElo "2387"]
[BlackElo "2259"]
[PlyCount "105"]
[EventDate "2001.12.01"]
[EventType "swiss"]
[EventRounds "11"]
[EventCountry "AUS"]
[SourceTitle "EXT 2003"]
[Source "ChessBase"]
[SourceDate "2002.11.25"]
[SourceVersion "1"]
[SourceVersionDate "2002.11.25"]
[SourceQuality "1"]

1. e4 e5 2. Nf3 Nc6 3. Bb5 Nf6 4. 0-0 Nxe4 5. d4 Nd6 6. Bxc6 dxc6 7. dxe5 Nf5 8. Qxd8+ Kxd8 9. Nc3 h6 10. h3 a5 11. a4 Be6 12. Ne4 Bd5 13. Re1 Ke8 14. Bd2 c5 15. Bc3 b6 16. g4 Ne7 17. Nf6+ gxf6 18. exf6 Rg8 19. fxe7 Bxe7 20. Re5 Rd8 21. Rae1 Rd7 22. Nh4 Be6 23. Nf5 Bg5 24. R5e4 Kd8 25. Ng7 Bh4 26. Nxe6+ fxe6 27. Rxe6 Rf8 28. R1e2 Bg5 29. Kg2 Rd6 30. R6e4 Bf4 31. Re7 Rd5 32. Rh7 Rd7 33. Bf6+ Kc8 34. Rh8 Rdf7 35. Rxf8+ Rxf8 36. Bh4 Bc1 37. c4 Kd7 38. b3 Rf7 39. Bg3 Kd8 40. Rc2 Bg5 41. f4 Bf6 42. Rd2+ Bd4 43. Kf3 Ke7 44. f5 Kf8 45. Bf4 h5 46. Bh6+ Kg8 47. Re2 hxg4+ 48. hxg4 Rd7 49. g5 Kf7 50. g6+ Kf6 51. Kg4 Rd6 52. Bf8 Rc6 53. Re7 1-0

[Event "AUS-ch"]
[Site "Melbourne"]
[Date "2001.12.31"]
[Round "4"]
[White "Sandler, Leonid"]
[Black "Tindall, Brett"]
[Result "0-1"]
[WhiteElo "2404"]
[BlackElo "2259"]
[PlyCount "72"]
[EventDate "2001.12.01"]
[EventType "swiss"]
[EventRounds "11"]
[EventCountry "AUS"]
[SourceTitle "EXT 2003"]
[Source "ChessBase"]
[SourceDate "2002.11.25"]
[SourceVersion "1"]
[SourceVersionDate "2002.11.25"]
[SourceQuality "1"]

1. e4 e6 2. d4 d5 3. Nc3 Bb4 4. a3 Bxc3+ 5. bxc3 dxe4 6. Qg4 Nf6 7. Qxg7 Rg8 8. Qh6 Rg6 9. Qd2 c5 10. Ne2 Nc6 11. g3 Bd7 12. Bg2 Na5 13. 0-0 Nc4 14. Qd1 Bc6 15. dxc5 e5 16. h3 Qa5 17. g4 Qxc5 18. Qe1 h5 19. g5 e3 20. h4 Nd5 21. Bxe3 Ndxe3 22. Bxc6+ Qxc6 23. fxe3 Nxe3 24. Qg3 Nxf1 25. Rxf1 0-0-0 26. Rxf7 Qc5+ 27. Qf2 Rd1+ 28. Kg2 Qxf2+ 29. Kxf2 Rh1 30. Kg3 Rc6 31. Rh7 Rc4 32. Rxh5 Re4 33. Rh8+ Kd7 34. g6 Rxe2 35. g7 Rg1+ 36. Kf3 Reg2 0-1

[Event "AUS-ch"]
[Site "Melbourne"]
[Date "2001.12.30"]
[Round "3"]
[White "Feldman, Vladimir"]
[Black "Tindall, Brett"]
[Result "1/2-1/2"]
[WhiteElo "2346"]
[BlackElo "2259"]
[PlyCount "35"]
[EventDate "2001.12.01"]
[EventType "swiss"]
[EventRounds "11"]
[EventCountry "AUS"]
[SourceTitle "EXT 2003"]
[Source "ChessBase"]
[SourceDate "2002.11.25"]
[SourceVersion "1"]
[SourceVersionDate "2002.11.25"]
[SourceQuality "1"]

1. Nf3 Nf6 2. c4 g6 3. Nc3 d5 4. cxd5 Nxd5 5. Qa4+ Bd7 6. Qh4 Nxc3 7. dxc3 Nc6 8. e4 e5 9. Bg5 Be7 10. Bc4 h6 11. Bxe7 Qxe7 12. Qg3 g5 13. 0-0 0-0-0 14. Rad1 f6 15. Bd5 Nb8 16. Nd2 Na6 17. b4 c6 18. Bc4 1/2-1/2

[Event "Oceania zt 3.2b"]
[Site "Gold Coast"]
[Date "2001.04.26"]
[Round "7"]
[White "Tindall, Brett"]
[Black "Sandler, Leonid"]
[Result "0-1"]
[WhiteElo "2225"]
[BlackElo "2400"]
[PlyCount "108"]
[EventDate "2001.04.22"]
[EventType "swiss"]
[EventRounds "9"]
[EventCountry "AUS"]
[SourceTitle "CBM 082 Extra"]
[Source "ChessBase"]
[SourceDate "2001.07.03"]
[SourceVersion "1"]
[SourceVersionDate "2001.07.03"]
[SourceQuality "1"]

1. d4 e6 2. c4 d5 3. Nc3 c5 4. cxd5 exd5 5. Nf3 Nc6 6. g3 c4 7. Bg2 Bb4 8. 0-0 Nge7 9. Bf4 0-0 10. Rc1 Be6 11. b3 Qa5 12. Bd2 Rfd8 13. a4 a6 14. bxc4 dxc4 15. e3 Rac8 16. Ne4 b6 17. Bxb4 Nxb4 18. Neg5 Bg4 19. h3 Bxf3 20. Nxf3 Nd3 21. Ra1 Nd5 22. Nd2 Qb4 23. Bxd5 Rxd5 24. Rb1 Qd6 25. Nxc4 Rxc4 26. Qxd3 Rxa4 27. Rfc1 g6 28. Rc8+ Kg7 29. Qc2 b5 30. Rc1 Qe6 31. Kg2 Rd7 32. Rc6 Qd5+ 33. Kg1 Rb7 34. Rc5 Qe6 35. d5 Qe5 36. Rd1 Ra1 37. Rxa1 Qxa1+ 38. Kg2 Qe5 39. Qd3 f5 40. Qd2 b4 41. Rc8 Rb5 42. f3 Qxd5 43. Qc1 Rb7 44. Qb2+ Kh6 45. h4 Qe6 46. Qh8 Qxe3 47. Qf8+ Kh5 48. Qf6 Qe7 49. Qxa6 b3 50. g4+ fxg4 51. fxg4+ Kxh4 52. Qd3 Rb4 53. Rc1 Rxg4+ 54. Kh1 Qe4+ 0-1

[Event "Oceania zt 3.2b"]
[Site "Gold Coast"]
[Date "2001.04.26"]
[Round "8"]
[White "Wastney, Scott C"]
[Black "Tindall, Brett"]
[Result "1-0"]
[WhiteElo "2276"]
[BlackElo "2225"]
[PlyCount "89"]
[EventDate "2001.04.22"]
[EventType "swiss"]
[EventRounds "9"]
[EventCountry "AUS"]
[SourceTitle "CBM 082 Extra"]
[Source "ChessBase"]
[SourceDate "2001.07.03"]
[SourceVersion "1"]
[SourceVersionDate "2001.07.03"]
[SourceQuality "1"]

1. Nf3 c5 2. c4 Nf6 3. Nc3 e6 4. g3 Nc6 5. Bg2 d5 6. cxd5 exd5 7. d4 Be6 8. 0-0 a6 9. Bg5 Be7 10. dxc5 h6 11. Be3 Ng4 12. Bd4 Nxd4 13. Nxd4 Bd7 14. Nb3 Nf6 15. Nxd5 Nxd5 16. Qxd5 Rb8 17. Rfd1 Qc7 18. Rac1 Be6 19. Qd2 0-0 20. Nd4 Bg4 21. h3 Bd7 22. b4 Rfd8 23. Qc2 g6 24. e3 Bf6 25. Qb3 Qe5 26. Nf3 Qe7 27. a4 Qe8 28. b5 axb5 29. axb5 Bxb5 30. Rxd8 Rxd8 31. Nd4 Bxd4 32. exd4 Bc6 33. d5 Bb5 34. Rb1 Ba6 35. d6 Rc8 36. Qb6 Bd3 37. Rc1 Ba6 38. Bxb7 Bxb7 39. Qxb7 Rb8 40. d7 Qd8 41. Qd5 Kf8 42. c6 Qc7 43. Re1 Qb6 44. Qd6+ Kg7 45. c7 1-0